World Cup Winners - Statistics

General Stats
  • This quiz has been taken 54 times
  • The average score is 21 of 22
Answer Stats
Hint Answer % Correct
2022 Argentina
100%
1986 Argentina
100%
1978 Argentina
100%
2018 France
100%
1998 France
100%
2014 Germany
100%
1990 Germany
100%
1974 Germany
100%
1954 Germany
100%
2006 Italy
98%
1982 Italy
98%
1938 Italy
98%
1934 Italy
98%
2002 Brazil
96%
1994 Brazil
96%
1970 Brazil
96%
1962 Brazil
96%
1958 Brazil
96%
2010 Spain
96%
1966 England
91%
1950 Uruguay
89%
1930 Uruguay
89%
No matching quizzes found
Score Distribution
Percent of People with Each Score
Percentile by Number Answered
Your Score History
You have not taken this quiz